<?xml version="1.0" encoding="UTF-8"?>
<record
    xmlns:xsi="http://www.w3.org/2001/XMLSchema-instance"
    xsi:schemaLocation="http://www.loc.gov/MARC21/slim http://www.loc.gov/standards/marcxml/schema/MARC21slim.xsd"
    xmlns="http://www.loc.gov/MARC21/slim">

  <leader>02473nam a22003497a 4500</leader>
  <controlfield tag="003">BJBSDDR</controlfield>
  <controlfield tag="005">20260511162314.0</controlfield>
  <controlfield tag="007">ta</controlfield>
  <controlfield tag="008">260219s2024    fr ||||| |||| 00| 0 fre d</controlfield>
  <datafield tag="020" ind1=" " ind2=" ">
    <subfield code="a">9791037512642</subfield>
  </datafield>
  <datafield tag="040" ind1=" " ind2=" ">
    <subfield code="b">eng</subfield>
    <subfield code="c">DLC</subfield>
  </datafield>
  <datafield tag="041" ind1=" " ind2=" ">
    <subfield code="a">fre</subfield>
  </datafield>
  <datafield tag="050" ind1="1" ind2="4">
    <subfield code="a">JK 31</subfield>
    <subfield code="b">S671e 2024</subfield>
  </datafield>
  <datafield tag="100" ind1="1" ind2=" ">
    <subfield code="a">Sn&#xE9;garoff, Thomas </subfield>
    <subfield code="9">7162</subfield>
  </datafield>
  <datafield tag="245" ind1=" " ind2=" ">
    <subfield code="a">&#xC9;tats-Unis : </subfield>
    <subfield code="b">anatomie d'une d&#xE9;mocratie / </subfield>
    <subfield code="c">Thomas Sn&#xE9;garoff, Romain Huret ; cartes et infographies, Delphine Papin et Floriane Picard ; textes compl&#xE9;mentaires, Lucie Rondeau du Noyer.</subfield>
  </datafield>
  <datafield tag="260" ind1=" " ind2=" ">
    <subfield code="a">Paris : </subfield>
    <subfield code="b">Les Ar&#xE8;nes ; </subfield>
    <subfield code="b">France inter, </subfield>
    <subfield code="c">2024</subfield>
  </datafield>
  <datafield tag="300" ind1=" " ind2=" ">
    <subfield code="a">138 pages, 3 pages non num&#xE9;rot&#xE9;es : </subfield>
    <subfield code="b">illustrations en couleur, cartes ; </subfield>
    <subfield code="c">21 cm.</subfield>
  </datafield>
  <datafield tag="490" ind1="0" ind2=" ">
    <subfield code="a">30 questions pour tout comprendre</subfield>
  </datafield>
  <datafield tag="500" ind1=" " ind2=" ">
    <subfield code="a">"30 questions pour tout comprendre ; Comprendre les enjeux d&#xE9;mocratiques aux &#xC9;tats-Unis, c'est voir o&#xF9; va le monde, Romain Huret"--Cover.</subfield>
  </datafield>
  <datafield tag="504" ind1=" " ind2=" ">
    <subfield code="a">Includes bibliographical references (page 141).</subfield>
  </datafield>
  <datafield tag="505" ind1="0" ind2=" ">
    <subfield code="a">Introduction
1. 1776, la peur de la d&#xE9;mocratie
2. 1898, la tentation imp&#xE9;riale
3. 1941, l'adieu &#xE0; l'isolationnisme
4. 1968, une guerre civile culturelle
5. 2001, la d&#xE9;mocratie brutalis&#xE9;e
6. 2021, la prise du Capitole
&#xC9;pilogue.</subfield>
  </datafield>
  <datafield tag="520" ind1=" " ind2=" ">
    <subfield code="a">Depuis une vingtaine d'ann&#xE9;es, aux &#xC9;tats-Unis, les r&#xE9;sultats des &#xE9;lections pr&#xE9;sidentielles sont syst&#xE9;matiquement contest&#xE9;s. Chaque camp consid&#xE8;re aujourd'hui que l'autre est un danger pour la d&#xE9;mocratie, quitte &#xE0; marcher sur le Capitole ou &#xE0; assassiner un candidat pour la sauver. Prise en otage par les d&#xE9;magogues de tout poil, la d&#xE9;mocratie am&#xE9;ricaine fait face &#xE0; des d&#xE9;fis in&#xE9;dits. Elle n'a jamais sembl&#xE9; si fragile. Risque-t-elle de s'effondrer? Que reste-t-il de cet id&#xE9;al? Peut-elle, une fois encore, se r&#xE9;inventer? En 30 questions-r&#xE9;ponses, Thomas Sn&#xE9;garoff et Romain Huret remontent aux fondements de la d&#xE9;mocratie am&#xE9;ricaine et nous donnent les cl&#xE9;s pour comprendre la situation actuelle. Un ouvrage clair et accessible, avec des cartes, des infographies et des textes de r&#xE9;f&#xE9;rence</subfield>
  </datafield>
  <datafield tag="650" ind1=" " ind2="4">
    <subfield code="a">Democracia</subfield>
    <subfield code="x">Historia</subfield>
    <subfield code="9">627</subfield>
  </datafield>
  <datafield tag="651" ind1=" " ind2="4">
    <subfield code="a">Estados Unidos</subfield>
    <subfield code="x">Pol&#xED;tica y gobierno</subfield>
    <subfield code="9">2191</subfield>
  </datafield>
  <datafield tag="700" ind1="1" ind2=" ">
    <subfield code="a">Huret, Romain, </subfield>
    <subfield code="d">1972-</subfield>
    <subfield code="9">47156</subfield>
  </datafield>
  <datafield tag="700" ind1="1" ind2=" ">
    <subfield code="a">Papin, Delphine</subfield>
    <subfield code="9">47158</subfield>
    <subfield code="e">cartographer</subfield>
  </datafield>
  <datafield tag="700" ind1="1" ind2=" ">
    <subfield code="a">Picard, Floriane </subfield>
    <subfield code="9">48389</subfield>
    <subfield code="e">cartographer</subfield>
  </datafield>
  <datafield tag="700" ind1="1" ind2=" ">
    <subfield code="a">Rondeau du Noyer, Lucie </subfield>
    <subfield code="9">48390</subfield>
    <subfield code="e">contributor</subfield>
  </datafield>
  <datafield tag="830" ind1=" " ind2="0">
    <subfield code="a">30 questions pour tout comprendre </subfield>
    <subfield code="9">48388</subfield>
  </datafield>
  <datafield tag="942" ind1=" " ind2=" ">
    <subfield code="2">lcc</subfield>
    <subfield code="c">BK</subfield>
  </datafield>
  <datafield tag="946" ind1=" " ind2=" ">
    <subfield code="i">cmc</subfield>
  </datafield>
  <datafield tag="999" ind1=" " ind2=" ">
    <subfield code="c">126432</subfield>
    <subfield code="d">126432</subfield>
  </datafield>
  <datafield tag="952" ind1=" " ind2=" ">
    <subfield code="0">0</subfield>
    <subfield code="1">0</subfield>
    <subfield code="2">lcc</subfield>
    <subfield code="4">0</subfield>
    <subfield code="7">0</subfield>
    <subfield code="8">CS</subfield>
    <subfield code="a">BJB</subfield>
    <subfield code="b">BJB</subfield>
    <subfield code="c">CS</subfield>
    <subfield code="d">2026-02-19</subfield>
    <subfield code="l">0</subfield>
    <subfield code="o">JK 31 S671e 2024</subfield>
    <subfield code="p">00000198739</subfield>
    <subfield code="r">2026-02-19 19:06:00</subfield>
    <subfield code="t">1</subfield>
    <subfield code="w">2026-02-19</subfield>
    <subfield code="y">BK</subfield>
  </datafield>
</record>
